01539nam a2200253 a 450000100100000000500170001000800410002702000180006804000250008604100190011108200200013010000290015024501270017926000400030630000360034650000450038250000250042750000690045250506360052165000200115765000390117770000330121670000360124900003760520260305073959.0121001s2010 dr ac 000 0 spa d a9789945002553 aDO-SdBNPbspacBNPHU17aspabeng2fren a709.7293bG377g1 aGerón, Candido,d1948-10aGrandes creadores del arte dominicano /cCándido Gerón ; traductores María Teresa Puigbo, Manuel García Cartagena. aSanto Domingo :bCentenario,c2010. a499 p. :bil., retrs. ;c30 cm. aTexto en español, inglés y francés aTexto a dos columnas aIncluye datos biográficos del autor en la solapa de la portada0 aPrincipios de siglo xx : celebración y ruptura --tNacimiento de la pintura moderna 1936-1942 : El exilio español --tLa fundación de la Escuela Nacional de Bellas Artes --tEl ministerio se abre a lo desconocido --tEl vértigo se atrinchera en la modernidad --tDos generaciones alucinantes, combatientes y contradictorias en pleno siglo XX --tLas mareas de la postmodernidad --tConsolidación de la pintura dominicana moderna --tIncidencia de los pintores Paul Giudicelli, Gilberto Hernández Ortega, Clara Ledesma, Eligio Pichardo, y los Escultores Gaspar Mario Cruz y Luichy Martínez Richieez --tBiografías -- 4aArte dominicano 4aArtistas dominicanosxBiografías12aTeresa Puigbo, María,etr.12aGarcía Cartagena, Manueletr.